Countries Ending With E - Statistics

General Stats
  • This quiz has been taken 99 times
    56 since last reset
  • The average score is 8 of 12
Answer Stats
Country % Correct
Belize
87%
France
80%
Greece
80%
Suriname
76%
Zimbabwe
69%
Singapore
62%
Sierra Leone
60%
Ukraine
60%
Cape Verde
58%
Sao Tome and Principe
58%
Mozambique
56%
Cote d'Ivoire
47%
No matching quizzes found
Score Distribution
Percent of People with Each Score
Percentile by Number Answered
Your Score History
You have not taken this quiz since the last reset